[Event "105th British-ch 2018"]
[Site "Hull"]
[Date "2018.07.28"]
[Round "1"]
[White "Arkell, Keith C"]
[Black "Krzyzanowski, Patryk"]
[Result "1-0"]
[WhiteElo "2406"]
[BlackElo "2087"]
[Annotator "NA"]
[PlyCount "123"]
[EventDate "2018.07.28"]
[EventType "swiss"]
[EventCountry "GBR"]
[SourceTitle "playchess.com"]
[Source "ChessBase"]
[SourceQuality "1"]
[TimeControl "40/5400+30:1800+30"]

1. d4 {[%emt 0:00:02]} Nf6 {[%emt 0:00:35]} 2. Nf3 {[%emt 0:00:05]} e6 {[%emt 0:00:54]} 3. c4 {[%emt 0:00:10]} Bb4+ {[%emt 0:00:16]} 4. Bd2 {[%emt 0:00:04]} Qe7 {[%emt 0:00:20]} 5. g3 {[%emt 0:00:06]} Ne4 {[%emt 0:03:31]} 6. Bg2 {[%emt 0:00:41]} Nxd2 {[%emt 0:00:15]} 7. Nbxd2 {[%emt 0:00:04]} c5 {[%emt 0:09:11]} 8. a3 {[%emt 0:00:22]} Bxd2+ {[%emt 0:02:58]} 9. Qxd2 {[%emt 0:05:09]} d6 {[%emt 0:02:28]} 10. O-O {[%emt 0:01:05]} e5 {[%emt 0:01:24]} 11. e3 {[%emt 0:01:19]} e4 {[%emt 0:02:17]} 12. Ne1 {[%emt 0:00:08]} O-O {[%emt 0:01:09]} 13. b4 {[%emt 0:01:15]} b6 {[%emt 0:04:30]} 14. Nd3 {[%emt 0:01:12]} Ba6 {[%emt 0:04:11]} 15. b5 {[%emt 0:00:17]} Bb7 {[%emt 0:01:32]} 16. Nf4 {[%emt 0:00:07]} Nd7 {[%emt 0:03:07]} 17. Rfd1 {[%emt 0:00:50]} g5 {[%emt 0:01:05]} 18. Nh5 {[%emt 0:05:31]} Rad8 {[%emt 0:02:27]} 19. Qe2 {[%emt 0:09:35]} f5 {[%emt 0:00:55]} 20. Rd2 {[%emt 0:00:50]} cxd4 {[%emt 0:12:36]} 21. exd4 {[%emt 0:00:32]} Qf7 {[%emt 0:05:39]} 22. g4 {[%emt 0:05:06]} Nf6 {[%emt 0:09:21]} 23. Nxf6+ {[%emt 0:00:28]} Qxf6 {[%emt 0:00:05]} 24. gxf5 {[%emt 0:00:34]} Qxf5 {[%emt 0:01:02]} 25. d5 {[%emt 0:00:32]} Qe5 {[%emt 0:10:36]} 26. Re1 {[%emt 0:00:29]} Rf4 {[%emt 0:00:13]} 27. Qe3 {[%emt 0:02:02]} Rh4 {[%emt 0:05:23]} 28. Qg3 {[%emt 0:01:29]} Qxg3 {[%emt 0:01:33]} 29. hxg3 {[%emt 0:00:13]} e3 {[%emt 0:01:15]} 30. Rxe3 {[%emt 0:00:15]} Rxc4 {[%emt 0:00:34]} 31. Re7 {[%emt 0:00:06]} Bc8 {[%emt 0:02:52]} 32. Rxa7 {[%emt 0:00:30]} Rd7 {[%emt 0:00:08]} 33. Ra8 {[%emt 0:00:08]} Kf7 {[%emt 0:00:44]} 34. Re2 {[%emt 0:07:55]} Re7 {[%emt 0:06:23]} 35. Rxe7+ {[%emt 0:01:16]} Kxe7 {[%emt 0:00:07]} 36. Rb8 {[%emt 0:00:55]} Bd7 {[%emt 0:02:18]} 37. Rxb6 {[%emt 0:00:09]} Ra4 {[%emt 0:00:51]} 38. Rb7 {[%emt 0:01:44]} Kd8 {[%emt 0:01:03]} 39. b6 {[%emt 0:00:48]} Rxa3 {[%emt 0:00:38]} 40. Rb8+ {[%emt 0:00:25]} Ke7 {[%emt 0:00:11]} 41. Rh8 {[%emt 0:07:35]} Rb3 {[%emt 0:03:51]} 42. Bh3 {[%emt 0:01:16]} Bxh3 {[%emt 0:13:53]} 43. b7 {[%emt 0:01:22]} Kf6 {[%emt 0:00:06]} 44. b8=Q {[%emt 0:00:18]} Rxb8 {[%emt 0:00:06]} 45. Rxb8 {[%emt 0:00:06]} Bf5 {[%emt 0:08:34]} 46. Re8 {[%emt 0:00:54]} Kf7 {[%emt 0:00:53]} 47. Re1 {[%emt 0:00:54]} Bc8 {[%emt 0:01:17]} 48. Rc1 {[%emt 0:02:31]} Bf5 {[%emt 0:00:56]} 49. Rc6 {[%emt 0:00:31]} Ke7 {[%emt 0:00:09]} 50. f3 {[%emt 0:00:05]} Bb1 {[%emt 0:02:51]} 51. Kf2 {[%emt 0:00:27]} h5 {[%emt 0:00:59]} 52. Ke3 {[%emt 0:00:38]} h4 {[%emt 0:00:19]} 53. Rb6 {[%emt 0:03:13]} Bf5 {[%emt 0:03:57]} 54. g4 {[%emt 0:00:22]} Bc2 {[%emt 0:00:10]} 55. Rb2 {[%emt 0:00:49]} Bd1 {[%emt 0:00:32]} 56. Rd2 {[%emt 0:01:51]} Ba4 {[%emt 0:00:43]} 57. Kd4 {[%emt 0:04:49]} Kf7 {[%emt 0:00:39]} 58. Ra2 {[%emt 0:01:23]} Bd1 {[%emt 0:00:16]} 59. Ra1 {[%emt 0:00:18]} Be2 {[%emt 0:00:47]} 60. Re1 {[%emt 0:00:07]} Bb5 {[%emt 0:01:02]} 61. Re6 {[%emt 0:02:27]} Kg7 {[%emt 0:02:01]} 62. Ke3 {[%emt 0:00:29]} 1-0

[Event "105th British-ch 2018"]
[Site "Hull"]
[Date "2018.07.28"]
[Round "1"]
[White "Trent, Lawrence"]
[Black "Anderton, David W"]
[Result "1-0"]
[WhiteElo "2406"]
[BlackElo "2084"]
[Annotator "NA"]
[PlyCount "71"]
[EventDate "2018.07.28"]
[EventType "swiss"]
[EventCountry "GBR"]
[SourceTitle "playchess.com"]
[Source "ChessBase"]
[SourceQuality "1"]
[TimeControl "40/5400+30:1800+30"]

1. e4 {[%emt 0:00:01]} e6 {[%emt 0:00:07]} 2. d4 {[%emt 0:00:04]} d5 {[%emt 0:00:05]} 3. Nd2 {[%emt 0:00:04]} Nc6 {[%emt 0:00:06]} 4. Ngf3 {[%emt 0:00:59]} Nf6 {[%emt 0:00:08]} 5. e5 {[%emt 0:00:03]} Nd7 {[%emt 0:00:06]} 6. Nb3 {[%emt 0:00:03]} Be7 {[%emt 0:00:21]} 7. Bf4 {[%emt 0:02:45]} O-O {[%emt 0:03:43]} 8. Bb5 {[%emt 0:00:42]} a5 {[%emt 0:01:02]} 9. a4 {[%emt 0:00:08]} Na7 {[%emt 0:05:40]} 10. Bd3 {[%emt 0:03:00]} b6 {[%emt 0:00:20]} 11. h4 {[%emt 0:01:20]} f5 {[%emt 0:30:29]} 12. Ng5 {[%emt 0:08:28]} Bxg5 {[%emt 0:03:26]} 13. hxg5 {[%emt 0:02:54]} g6 {[%emt 0:00:15]} 14. c4 {[%emt 0:19:17]} Qe7 {[%emt 0:07:54]} 15. cxd5 {[%emt 0:10:14]} exd5 {[%emt 0:00:08]} 16. O-O {[%emt 0:00:30]} Qe6 {[%emt 0:05:05]} 17. Rc1 {[%emt 0:12:58]} c6 {[%emt 0:00:16]} 18. Rc3 {[%emt 0:00:03]} Bb7 {[%emt 0:00:43]} 19. Nc1 {[%emt 0:00:37]} c5 {[%emt 0:03:48]} 20. Ne2 {[%emt 0:00:15]} Nc6 {[%emt 0:02:29]} 21. Bb5 {[%emt 0:02:17]} Rfd8 {[%emt 0:13:12]} 22. Be3 {[%emt 0:13:30]} Qe7 {[%emt 0:10:51]} 23. Re1 {[%emt 0:06:55]} Nxd4 {[%emt 0:01:17]} 24. Bxd4 {[%emt 0:01:09]} cxd4 {[%emt 0:00:09]} 25. Rc7 {[%emt 0:00:03]} Ba6 {[%emt 0:01:37]} 26. Nxd4 {[%emt 0:04:46]} Bxb5 {[%emt 0:00:32]} 27. axb5 {[%emt 0:00:14]} Rdc8 {[%emt 0:00:46]} 28. Qb3 {[%emt 0:00:26]} Rxc7 {[%emt 0:04:52]} 29. Qxd5+ {[%emt 0:00:05]} Kh8 {[%emt 0:01:32]} 30. Qxa8+ {[%emt 0:00:06]} Qf8 {[%emt 0:00:20]} 31. Qxf8+ {[%emt 0:00:31]} Nxf8 {[%emt 0:00:07]} 32. e6 {[%emt 0:00:02]} Re7 {[%emt 0:00:15]} 33. Rc1 {[%emt 0:01:12]} Nxe6 {[%emt 0:00:25]} 34. Re1 {[%emt 0:00:06]} Nxd4 {[%emt 0:00:41]} 35. Rxe7 {[%emt 0:00:02]} Nxb5 {[%emt 0:00:11]} 36. Rb7 {[%emt 0:00:08]} 1-0

[Event "105th British-ch 2018"]
[Site "Hull"]
[Date "2018.07.28"]
[Round "1"]
[White "Macklin, Paul"]
[Black "Pollack, Oscar"]
[Result "1/2-1/2"]
[WhiteElo "2363"]
[BlackElo "2064"]
[Annotator "NA"]
[PlyCount "55"]
[EventDate "2018.07.28"]
[EventType "swiss"]
[EventCountry "GBR"]
[SourceTitle "playchess.com"]
[Source "ChessBase"]
[SourceQuality "1"]
[TimeControl "40/5400+30:1800+30"]

1. e4 {[%emt 0:00:01]} e6 {[%emt 0:00:07]} 2. d4 {[%emt 0:00:20]} d5 {[%emt 0:00:04]} 3. Nd2 {[%emt 0:01:06]} Nf6 {[%emt 0:00:16]} 4. Bd3 {[%emt 0:01:03]} c5 {[%emt 0:02:25]} 5. c3 {[%emt 0:00:16]} Nc6 {[%emt 0:02:00]} 6. Ngf3 {[%emt 0:00:32]} cxd4 {[%emt 0:03:34]} 7. cxd4 {[%emt 0:01:14]} dxe4 {[%emt 0:00:21]} 8. Nxe4 {[%emt 0:00:14]} Bb4+ {[%emt 0:00:28]} 9. Nc3 {[%emt 0:06:36]} O-O {[%emt 0:02:51]} 10. O-O {[%emt 0:00:15]} b6 {[%emt 0:03:11]} 11. Ne4 {[%emt 0:15:55]} Nd5 {[%emt 0:10:50]} 12. a3 {[%emt 0:05:45]} Be7 {[%emt 0:01:32]} 13. Re1 {[%emt 0:00:44]} Bb7 {[%emt 0:01:30]} 14. Bb1 {[%emt 0:02:27]} Qc7 {[%emt 0:06:52]} 15. Qd3 {[%emt 0:05:28]} g6 {[%emt 0:00:56]} 16. Bh6 {[%emt 0:01:41]} Rfd8 {[%emt 0:01:18]} 17. Ba2 {[%emt 0:00:19]} Bf8 {[%emt 0:07:41]} 18. Bxf8 {[%emt 0:13:27]} Kxf8 {[%emt 0:01:52]} 19. Bxd5 {[%emt 0:00:39]} Rxd5 {[%emt 0:04:54]} 20. Nf6 {[%emt 0:10:08]} Rf5 {[%emt 0:00:51]} 21. Nxh7+ {[%emt 0:00:12]} Kg7 {[%emt 0:00:48]} 22. Nhg5 {[%emt 0:00:07]} Rh8 {[%emt 0:02:44]} 23. h4 {[%emt 0:00:05]} Ne7 {[%emt 0:05:14]} 24. Rac1 {[%emt 0:04:30]} Qf4 {[%emt 0:02:44]} 25. d5 {[%emt 0:00:17]} Nxd5 {[%emt 0:01:50]} 26. Rc4 {[%emt 0:02:15]} Qb8 {[%emt 0:04:20]} 27. Qd4+ {[%emt 0:05:43]} Kg8 {[%emt 0:01:18]} 28. g3 {[%emt 0:05:27]} 1/2-1/2

[Event "105th British-ch 2018"]
[Site "Hull"]
[Date "2018.07.28"]
[Round "1"]
[White "Bradbury, Neil H"]
[Black "Thurlow, Kevin J"]
[Result "1-0"]
[WhiteElo "2348"]
[BlackElo "2030"]
[Annotator "NA"]
[PlyCount "43"]
[EventDate "2018.07.28"]
[EventType "swiss"]
[EventCountry "GBR"]
[SourceTitle "playchess.com"]
[Source "ChessBase"]
[SourceQuality "1"]
[TimeControl "40/5400+30:1800+30"]

1. d4 {[%emt 0:00:03]} Nf6 {[%emt 0:00:12]} 2. c4 {[%emt 0:00:12]} e6 {[%emt 0:00:06]} 3. Nf3 {[%emt 0:00:17]} b6 {[%emt 0:00:09]} 4. a3 {[%emt 0:01:25]} Bb7 {[%emt 0:00:10]} 5. Nc3 {[%emt 0:00:54]} d5 {[%emt 0:00:16]} 6. cxd5 {[%emt 0:03:28]} exd5 {[%emt 0:00:15]} 7. g3 {[%emt 0:00:58]} Be7 {[%emt 0:03:12]} 8. Bg2 {[%emt 0:02:18]} O-O {[%emt 0:00:12]} 9. O-O {[%emt 0:00:05]} Nbd7 {[%emt 0:00:22]} 10. b4 {[%emt 0:02:35]} Ne4 {[%emt 0:07:50]} 11. Nxe4 {[%emt 0:09:25]} dxe4 {[%emt 0:02:01]} 12. Nd2 {[%emt 0:00:07]} f5 {[%emt 0:03:43]} 13. Bb2 {[%emt 0:04:01]} Bd5 {[%emt 0:04:27]} 14. Rc1 {[%emt 0:01:10]} c5 {[%emt 0:02:32]} 15. dxc5 {[%emt 0:06:32]} bxc5 {[%emt 0:01:12]} 16. Nb3 {[%emt 0:00:14]} Bxb3 {[%emt 0:02:27]} 17. Qxb3+ {[%emt 0:00:11]} Kh8 {[%emt 0:00:07]} 18. Rfd1 {[%emt 0:00:33]} Qc7 {[%emt 0:08:06]} 19. Qe6 {[%emt 0:04:19]} Nf6 {[%emt 0:04:11]} 20. Be5 {[%emt 0:01:16]} Qb7 {[%emt 0:02:41]} 21. bxc5 {[%emt 0:00:46]} Rae8 {[%emt 0:01:55]} 22. Qxf5 {[%emt 0:04:14]} 1-0

[Event "105th British-ch 2018"]
[Site "Hull"]
[Date "2018.07.28"]
[Round "1"]
[White "Webb, Laurence E"]
[Black "Burke, Mitchell R"]
[Result "1-0"]
[WhiteElo "2306"]
[BlackElo "1988"]
[Annotator "NA"]
[PlyCount "53"]
[EventDate "2018.07.28"]
[EventType "swiss"]
[EventCountry "GBR"]
[SourceTitle "playchess.com"]
[Source "ChessBase"]
[SourceQuality "1"]
[TimeControl "40/5400+30:1800+30"]

1. d4 {[%emt 0:02:03]} Nf6 {[%emt 0:00:53]} 2. c4 {[%emt 0:00:15]} g6 {[%emt 0:04:19]} 3. Nc3 {[%emt 0:02:41]} Bg7 {[%emt 0:00:31]} 4. e4 {[%emt 0:00:28]} d6 {[%emt 0:00:28]} 5. Nf3 {[%emt 0:00:07]} O-O {[%emt 0:02:00]} 6. Be2 {[%emt 0:00:05]} a6 {[%emt 0:09:11]} 7. O-O {[%emt 0:02:38]} Bg4 {[%emt 0:13:11]} 8. Be3 {[%emt 0:02:58]} Nfd7 {[%emt 0:02:10]} 9. Ne1 {[%emt 0:06:36]} Bxe2 {[%emt 0:02:54]} 10. Qxe2 {[%emt 0:00:04]} c5 {[%emt 0:02:19]} 11. d5 {[%emt 0:01:12]} b5 {[%emt 0:09:29]} 12. cxb5 {[%emt 0:03:46]} Qa5 {[%emt 0:09:16]} 13. Bd2 {[%emt 0:05:20]} axb5 {[%emt 0:06:04]} 14. Nxb5 {[%emt 0:01:41]} Qb6 {[%emt 0:07:35]} 15. Bc3 {[%emt 0:02:10]} Na6 {[%emt 0:05:28]} 16. Nc2 {[%emt 0:02:49]} Rfb8 {[%emt 0:05:22]} 17. a4 {[%emt 0:01:12]} Nc7 {[%emt 0:02:15]} 18. Nxc7 {[%emt 0:03:24]} Qxc7 {[%emt 0:00:20]} 19. Ne3 {[%emt 0:02:47]} Rb3 {[%emt 0:02:12]} 20. Qc2 {[%emt 0:03:52]} Rab8 {[%emt 0:02:12]} 21. Nc4 {[%emt 0:00:40]} Bxc3 {[%emt 0:05:03]} 22. bxc3 {[%emt 0:00:19]} Qb7 {[%emt 0:01:13]} 23. Na5 {[%emt 0:05:05]} Rb2 {[%emt 0:00:06]} 24. Qc1 {[%emt 0:00:07]} Qa6 {[%emt 0:04:25]} 25. Nc6 {[%emt 0:00:46]} R8b3 {[%emt 0:00:18]} 26. Nxe7+ {[%emt 0:00:41]} Kh8 {[%emt 0:00:31]} 27. Qf4 {[%emt 0:02:47]} 1-0

[Event "105th British-ch 2018"]
[Site "Hull"]
[Date "2018.07.28"]
[Round "1"]
[White "Muir, Andrew J"]
[Black "De Coverly, Roger D"]
[Result "1-0"]
[WhiteElo "2291"]
[BlackElo "1920"]
[Annotator "NA"]
[PlyCount "95"]
[EventDate "2018.07.28"]
[EventType "swiss"]
[EventCountry "GBR"]
[SourceTitle "playchess.com"]
[Source "ChessBase"]
[SourceQuality "1"]
[TimeControl "40/5400+30:1800+30"]

1. d4 {[%emt 0:00:09]} Nf6 {[%emt 0:00:06]} 2. c4 {[%emt 0:00:27]} g6 {[%emt 0:00:05]} 3. Nc3 {[%emt 0:00:13]} Bg7 {[%emt 0:00:05]} 4. e4 {[%emt 0:00:19]} d6 {[%emt 0:00:05]} 5. Nge2 {[%emt 0:00:37]} O-O {[%emt 0:00:39]} 6. Ng3 {[%emt 0:00:34]} c5 {[%emt 0:01:04]} 7. d5 {[%emt 0:00:30]} e6 {[%emt 0:01:32]} 8. Be2 {[%emt 0:00:58]} exd5 {[%emt 0:01:12]} 9. cxd5 {[%emt 0:00:29]} Nbd7 {[%emt 0:04:00]} 10. O-O {[%emt 0:00:42]} a6 {[%emt 0:01:04]} 11. a4 {[%emt 0:00:40]} b6 {[%emt 0:01:20]} 12. Bg5 {[%emt 0:03:22]} h6 {[%emt 0:01:31]} 13. Be3 {[%emt 0:00:47]} Ne5 {[%emt 0:02:24]} 14. h3 {[%emt 0:01:54]} h5 {[%emt 0:01:31]} 15. Bg5 {[%emt 0:04:30]} Re8 {[%emt 0:03:12]} 16. Qd2 {[%emt 0:02:04]} Bb7 {[%emt 0:04:15]} 17. Rad1 {[%emt 0:11:52]} Qc7 {[%emt 0:04:32]} 18. Kh1 {[%emt 0:07:33]} Nh7 {[%emt 0:02:50]} 19. Bh4 {[%emt 0:00:43]} f6 {[%emt 0:05:02]} 20. f4 {[%emt 0:08:29]} Nf7 {[%emt 0:02:09]} 21. Kh2 {[%emt 0:07:34]} Rf8 {[%emt 0:02:16]} 22. Nh1 {[%emt 0:00:51]} Rae8 {[%emt 0:08:59]} 23. Bg3 {[%emt 0:02:03]} Bc8 {[%emt 0:01:54]} 24. Nf2 {[%emt 0:03:57]} Bh6 {[%emt 0:07:27]} 25. Kh1 {[%emt 0:01:57]} Qb7 {[%emt 0:03:44]} 26. Qd3 {[%emt 0:07:40]} Bg7 {[%emt 0:06:08]} 27. f5 {[%emt 0:02:56]} gxf5 {[%emt 0:07:57]} 28. Bxh5 {[%emt 0:05:34]} Ne5 {[%emt 0:01:40]} 29. Bxe5 {[%emt 0:06:25]} Rxe5 {[%emt 0:00:28]} 30. Bg6 {[%emt 0:00:05]} Ng5 {[%emt 0:05:29]} 31. exf5 {[%emt 0:00:49]} Bd7 {[%emt 0:03:47]} 32. Ng4 {[%emt 0:01:32]} Re7 {[%emt 0:00:57]} 33. Qg3 {[%emt 0:02:51]} Qb8 {[%emt 0:03:02]} 34. Rfe1 {[%emt 0:01:36]} Rxe1+ {[%emt 0:02:07]} 35. Rxe1 {[%emt 0:00:05]} Be8 {[%emt 0:01:59]} 36. h4 {[%emt 0:03:29]} Nf7 {[%emt 0:03:33]} 37. Bxf7+ {[%emt 0:04:33]} Bxf7 {[%emt 0:00:26]} 38. Nh6+ {[%emt 0:01:54]} Kh8 {[%emt 0:00:30]} 39. Nxf7+ {[%emt 0:00:05]} Rxf7 {[%emt 0:00:08]} 40. Re6 {[%emt 0:00:20]} c4 {[%emt 0:05:03]} 41. Qxd6 {[%emt 0:00:33]} Qxd6 {[%emt 0:00:39]} 42. Rxd6 {[%emt 0:00:04]} Rb7 {[%emt 0:00:20]} 43. Rd8+ {[%emt 0:01:18]} Kh7 {[%emt 0:00:07]} 44. d6 {[%emt 0:00:24]} b5 {[%emt 0:01:45]} 45. d7 {[%emt 0:09:05]} b4 {[%emt 0:01:19]} 46. Rh8+ {[%emt 0:03:30]} Bxh8 {[%emt 0:00:06]} 47. d8=Q {[%emt 0:00:08]} bxc3 {[%emt 0:00:24]} 48. bxc3 {[%emt 0:00:20]} 1-0

[Event "105th British-ch 2018"]
[Site "Hull"]
[Date "2018.07.28"]
[Round "1"]
[White "Zapolskis, Antanas"]
[Black "Adams, Michael"]
[Result "0-1"]
[WhiteElo "2283"]
[BlackElo "2706"]
[Annotator "TA"]
[PlyCount "116"]
[EventDate "2018.07.28"]
[EventType "swiss"]
[EventCountry "GBR"]
[SourceTitle "playchess.com"]
[Source "ChessBase"]
[SourceQuality "1"]

{[%evp 13,116,5,14,16,5,-43,-39,-52,-24,-36,-29,-18,-35,-46,-20,-26,-10,-8,-11,-24,-31,-33,-8,-21,-29,-18,-29,-101,-91,-166,-165,-154,-128,-160,-37,-32,-30,-97,-98,-112,0,-92,-58,-64,-12,-67,-16,-70,-69,-70,-61,-134,-133,-124,-105,-157,-155,-178,-178,-179,-183,-182,-176,-188,-173,-209,-205,-204,-161,-347,-354,-381,-394,-513,-518,-514,-529,-516,-513,-526,-524,-525,-527,-519,-464,-626,-562,-586,-592,-694,-688,-765,-759,-712,-539,-781,-790,-775,-753,-1735,-1735,-1525,-1357,-2028,-1857]} 1. e4 e5 2. Nf3 Nc6 3. Bc4 Nf6 4. d3 Bc5 5. O-O O-O 6. Nc3 h6 7. a3 a6 {LiveBook: 8 Games} 8. b4 {C50: Hungarian Defence and Giuoco Pianissimo} (8. Be3 d6 9. Nd5 Nxd5 10. Bxd5 Ne7 11. Bb3 Ng6 12. d4 exd4 13. Nxd4 Re8 14. f3 Be6 15. Bxe6 Rxe6 {0-1 (45) Gao,R (2568)-Harikrishna,P (2727) China 2018}) 8... Ba7 9. b5 axb5 10. Nxb5 {Black is slightly better.} Bc5 $146 (10... Bb6 {feels hotter.} 11. Nc3 d6 12. Nd5 Bc5 13. c3 Na5) ({Predecessor:} 10... Bb6 11. Bb2 d6 12. Ba2 Bg4 13. h3 Bh5 14. Re1 Qd7 {0-1 (28) Kolev,V-Ismail,I Albena 2011}) 11. Be3 d6 12. Bxc5 dxc5 13. h3 Re8 14. Nd2 {[%cal Bf3d2,Bd2c4,Bc4e3,Be3f5][%mdl 32]} Be6 15. Bxe6 Rxe6 16. Nc4 Na5 17. Ne3 Rea6 (17... c6 $5 18. Nc3 $8 c4 $11) 18. Nf5 Nc6 19. f4 exf4 20. Rxf4 (20. Qf3 $1 $11 {remains equal.}) 20... Ne7 $17 {Strongly threatening ...Nxf5.} 21. e5 {[#]} (21. Rb1 $17) 21... Nfd5 $1 $19 {[%cal Rd5f4]} 22. Nxe7+ Qxe7 23. Re4 Qd7 (23... c6 $17 24. c4 cxb5 25. cxd5 b4) 24. c4 $15 Ne7 25. a4 (25. d4 $11) 25... Ng6 26. d4 c6 (26... Re6 $17 27. Rb1 Rd8) 27. Nc3 (27. Nd6 $1 $11) 27... cxd4 28. e6 Qe7 (28... fxe6 $15 29. Rxd4 Qc7) 29. Qxd4 (29. exf7+ $11 Qxf7 30. Qxd4) 29... fxe6 (29... f6 $15) 30. Rd1 ({Better is} 30. Rae1 $11) 30... Ra5 31. Qd7 Re8 $36 {[%mdl 2048] Black is pushing.} 32. Rd6 (32. Kh2 $15) 32... Ne5 $17 33. Qxe7 Rxe7 34. Kf2 ({White should try} 34. Ne2) 34... Rc5 35. Rdd4 Nd7 36. Ke3 Nf6 37. Rh4 Rg5 38. Kf2 Ra5 39. Ke3 Kh7 {...g5 is the strong threat.} 40. Rd6 Rg5 {Threatens to win with ...Rg3+.} 41. g4 $2 (41. Kf2) 41... Kg6 $19 42. Kd3 Re5 43. g5 Kxg5 {Black is clearly winning.} 44. Rhd4 c5 45. Ne4+ Kg6 46. Nxf6 {[#] Black must now prevent Nd5.} cxd4 {[%mdl 4096] Endgame KRR-KRN} 47. Nd5 Rf7 48. Kxd4 Re1 49. Kc5 Kh5 50. Nc3 Re3 51. Nb5 g5 {[%cal Bg7g5,Bg5g4,Bg4g3,Bg3g2][%mdl 32]} 52. a5 Rxh3 53. Rxe6 Rhf3 54. Kb6 g4 55. Nd4 R3f4 56. Rd6 g3 57. Ne2 g2 58. Rd1 R4f6+ {Precision: White = 33%, Black = 65%.} 0-1

[Event "105th British-ch 2018"]
[Site "Hull"]
[Date "2018.07.28"]
[Round "1"]
[White "Kalavannan, Koby"]
[Black "Jones, Gawain C B"]
[Result "0-1"]
[WhiteElo "2277"]
[BlackElo "2670"]
[Annotator "TA"]
[PlyCount "115"]
[EventDate "2018.07.28"]
[EventType "swiss"]
[EventCountry "GBR"]
[SourceTitle "playchess.com"]
[Source "ChessBase"]
[SourceQuality "1"]

{[%evp 16,115,42,21,41,35,43,30,33,24,21,8,8,10,8,8,4,10,14,5,29,8,0,10,11,0,0,-12,0,0,0,0,0,0,6,0,0,0,16,0,0,-27,0,-8,-8,-8,-8,-8,-18,-11,0,-7,0,0,0,0,0,0,0,0,0,0,0,0,0,0,0,0,0,0,0,0,-31,-531,-477,-383,-336,-628,-585,-2546,-2089,-1651,-1937,-12837,-12838,-12838,-12839,-12834,-2530,-12838,-12838,-12838,-12837,-12842,-12843,-12845,-12845,-12845,-12844,-12847,-12847,-12850]} 1. d4 g6 2. c4 Bg7 3. e4 d6 4. Nc3 e5 5. dxe5 dxe5 6. Qxd8+ Kxd8 7. Bg5+ f6 8. O-O-O+ {A42: Modern Defence: Averbakh Variation} Bd7 (8... Nd7 9. Be3 c6 10. f4 exf4 11. Bxf4 Bh6 12. g3 Ke7 13. Bh3 Ne5 14. Bxc8 Rxc8 15. b3 Bg7 16. h3 Nh6 17. Nge2 Nhf7 18. Kc2 Bh6 19. Rhf1 Rhd8 20. Rxd8 Rxd8 {½-½ (20) Ristic,N (2359)-Ostojic,N (2422) Banja Vrujci 2017}) 9. Be3 {LiveBook: 4 Games} (9. Bd2 {looks sharper.} Nc6 10. h4 h5 11. Bd3 a5 12. Nge2) 9... Kc8 10. f3 $146 {White is slightly better.} ({Predecessor:} 10. a3 f5 11. exf5 gxf5 12. Nf3 Nc6 13. g3 Nf6 14. b4 Ng4 15. b5 Na5 {½-½ (25) Gilea,L (2262)-Zubac,M (2168) Olanesti 2013}) 10... Nc6 11. Nge2 Be6 12. Nd5 Nd8 13. Nec3 c6 14. Nb4 Bh6 15. Nc2 Kc7 16. Be2 Bxe3+ 17. Nxe3 Ne7 18. b4 Nf7 19. Kb2 Rhd8 20. Rc1 Rd2+ 21. Rc2 Rxc2+ 22. Kxc2 b6 23. a4 Rd8 24. a5 f5 25. axb6+ axb6 26. Ra1 Kb8 27. Rd1 Rd4 28. Na4 Kc7 29. exf5 gxf5 30. Kc3 f4 31. Nc2 $132 {[%mdl 2048] White is not keeping still} Rxd1 32. Bxd1 Nd6 33. Be2 {[#]} Bxc4 $1 {[%mdl 512]} 34. Bxc4 {And now Bb3 would win.} Nxc4 35. Kxc4 {aiming for b5.} b5+ 36. Kb3 bxa4+ 37. Kxa4 $11 {[%mdl 4096] Endgame KN-KN} Kd6 38. Kb3 Kd5 39. Kc3 e4 40. Ne1 Nf5 41. Kd2 Nh4 42. Ke2 exf3+ 43. gxf3 Kc4 {Hoping for ...Kc3.} 44. h3 $2 {[%mdl 8192]} ({White should play} 44. Nd3 $15) 44... Kc3 $19 45. Nd3 Ng6 46. Nf2 $2 (46. Nc5 Kxb4 47. Nd3+ Kc4 48. Nf2) 46... Kxb4 {Black is clearly winning.} 47. Kd3 c5 {[%cal Bc6c5,Bc5c4,Bc4c3,Bc3c2][%mdl 32]} 48. Ke4 c4 49. h4 Nxh4 50. Kxf4 c3 51. Nd3+ Kb3 (51... Kc4 $142 52. Nc1 h5) 52. Kg4 Ng6 53. f4 c2 54. Nc1+ Kb2 {[#] ( -> ...Nxf4)} 55. Ne2 Ne7 56. f5 Nd5 57. Kg5 Nc3 58. f6 {Precision: White = 50%, Black = 77%.} 0-1

[Event "105th British-ch 2018"]
[Site "Hull"]
[Date "2018.07.28"]
[Round "1"]
[White "Toma, Katarzyna"]
[Black "Hawkins, Jonathan"]
[Result "0-1"]
[WhiteElo "2274"]
[BlackElo "2590"]
[Annotator "ChessBase"]
[PlyCount "50"]
[EventDate "2018.07.28"]
[EventType "swiss"]
[EventCountry "GBR"]
[SourceTitle "playchess.com"]
[Source "ChessBase"]
[SourceQuality "1"]
[TimeControl "40/5400+30:1800+30"]

1. e4 {[%emt 0:00:00]} c6 {[%emt 0:04:31]} 2. d4 {[%emt 0:00:00]} d5 {[%emt 0:00:10]} 3. e5 {[%emt 0:00:00]} c5 {[%emt 0:00:06]} 4. dxc5 {[%emt 0:00:03]} Nc6 {[%emt 0:00:06]} 5. a3 {[%emt 0:00:18]} Nxe5 {[%emt 0:02:04]} 6. b4 {[%emt 0:00:42]} g6 {[%emt 0:00:33]} 7. Bb5+ {[%emt 0:01:08]} Nc6 {[%emt 0:01:51]} 8. Bb2 {[%emt 0:00:19]} Nf6 {[%emt 0:00:08]} 9. c4 {[%emt 0:01:24]} Be6 {[%emt 0:00:51]} 10. Nf3 {[%emt 0:07:40]} Bg7 {[%emt 0:01:39]} 11. Nd4 {[%emt 0:16:10]} Bd7 {[%emt 0:04:14]} 12. O-O {[%emt 0:13:15]} O-O {[%emt 0:02:29]} 13. Re1 {[%emt 0:13:20]} a5 {[%emt 0:04:15]} 14. Bxc6 {[%emt 0:08:30]} bxc6 {[%emt 0:03:49]} 15. Nd2 {[%emt 0:00:39]} Qb8 {[%emt 0:04:27]} 16. Rxe7 {[%emt 0:06:23]} axb4 {[%emt 0:03:14]} 17. a4 {[%emt 0:00:36]} Re8 {[%emt 0:03:29]} 18. Rxe8+ {[%emt 0:02:29]} Qxe8 {[%emt 0:02:37]} 19. Qb3 {[%emt 0:00:18]} Ne4 {[%emt 0:00:51]} 20. Nxe4 {[%emt 0:07:45]} Qxe4 {[%emt 0:00:17]} 21. Nf3 {[%emt 0:01:26]} Qxc4 {[%emt 0:01:20]} 22. Qxc4 {[%emt 0:02:49]} dxc4 {[%emt 0:00:05]} 23. Bxg7 {[%emt 0:00:06]} Kxg7 {[%emt 0:00:04]} 24. Kf1 {[%emt 0:04:40]} b3 {[%emt 0:01:43]} 25. Ke2 {[%emt 0:02:37]} Bf5 {[%emt 0:01:07]} 0-1